[Event "Chalkida Tessas op-ch"]
[Site "Chalkida"]
[Date "2008.07.06"]
[Round "6"]
[White "Anestis, Ioannis"]
[Black "Hanioglou, Kleanthis"]
[Result "1-0"]
[WhiteElo "1000"]
[BlackElo "1000"]
[PlyCount "35"]
[EventDate "2008.06.21"]
[EventType "swiss"]
[EventRounds "6"]
[EventCountry "GRE"]
[SourceTitle "EXT 2010"]
[Source "ChessBase"]
[SourceDate "2010.11.25"]
[SourceVersion "1"]
[SourceVersionDate "2010.11.25"]
[SourceQuality "1"]

1. e4 c5 2. Nf3 Nc6 3. d4 cxd4 4. Nxd4 d6 5. Be2 Nf6 6. Nc3 g6 7. Be3 Bg7 8. Nxc6 bxc6 9. e5 Nh5 10. g4 Nf6 11. exf6 Bxf6 12. Bd4 e5 13. Be3 0-0 14. Qd2 g5 15. Ne4 h6 16. h4 gxh4 17. g5 hxg5 18. Bxg5 1-0

[Event "Chalkida Tessas op-ch"]
[Site "Chalkida"]
[Date "2008.07.06"]
[Round "5"]
[White "Hanioglou, Kleanthis"]
[Black "Almalis, Nikolaos"]
[Result "0-1"]
[WhiteElo "1000"]
[BlackElo "1000"]
[PlyCount "46"]
[EventDate "2008.06.21"]
[EventType "swiss"]
[EventRounds "6"]
[EventCountry "GRE"]
[SourceTitle "EXT 2010"]
[Source "ChessBase"]
[SourceDate "2010.11.25"]
[SourceVersion "1"]
[SourceVersionDate "2010.11.25"]
[SourceQuality "1"]

1. e4 e5 2. Nf3 d6 3. Bc4 Bg4 4. Nc3 c6 5. 0-0 Nf6 6. a3 d5 7. Ba2 dxe4 8. Nxe4 Nxe4 9. d3 Nf6 10. Qe1 Bxf3 11. gxf3 Bd6 12. f4 Nbd7 13. d4 e4 14. Qc3 0-0 15. Qb3 Ng4 16. Qg3 Ndf6 17. h3 Nh6 18. Qg5 Qd7 19. Kh2 Nf5 20. Rg1 Ne8 21. Bd2 Nxd4 22. Bc3 Nf3+ 23. Kh1 Qxh3# 0-1

[Event "Chalkida Tessas op-ch"]
[Site "Chalkida"]
[Date "2008.07.05"]
[Round "4"]
[White "Hanioglou, Kleanthis"]
[Black "Tsounis, Serafim"]
[Result "0-1"]
[WhiteElo "1000"]
[BlackElo "1000"]
[PlyCount "72"]
[EventDate "2008.06.21"]
[EventType "swiss"]
[EventRounds "6"]
[EventCountry "GRE"]
[SourceTitle "EXT 2010"]
[Source "ChessBase"]
[SourceDate "2010.11.25"]
[SourceVersion "1"]
[SourceVersionDate "2010.11.25"]
[SourceQuality "1"]

1. e4 c5 2. Nc3 Nc6 3. Bc4 e6 4. Nf3 a6 5. a3 b5 6. Be2 Nf6 7. d4 cxd4 8. Nxd4 Bb7 9. 0-0 Rc8 10. Qd3 Nxd4 11. Qxd4 Bc5 12. Qd3 b4 13. Na4 Bxe4 14. Qxa6 Rc6 15. Nxc5 Rxa6 16. Nxa6 0-0 17. axb4 Qa8 18. Bg5 Bxg2 19. Rfd1 Bh1 20. f3 Bxf3 21. Bxf3 Qxf3 22. Rf1 Qg4+ 23. Kh1 Qxg5 24. Nc7 Qd2 25. Rad1 Qxc2 26. Rc1 Qxb2 27. Nb5 Qxb4 28. Rb1 Qe4+ 29. Kg1 Rb8 30. Nc3 Qe3+ 31. Kh1 Rxb1 32. Nxb1 Qh3 33. Kg1 Ng4 34. Rf2 Nxf2 35. Kxf2 Qf5+ 36. Kg2 Qxb1 0-1

[Event "Chalkida Tessas op-ch"]
[Site "Chalkida"]
[Date "2008.06.21"]
[Round "1"]
[White "Doukas, Petros"]
[Black "Hanioglou, Kleanthis"]
[Result "1-0"]
[WhiteElo "1005"]
[BlackElo "1000"]
[PlyCount "45"]
[EventDate "2008.06.21"]
[EventType "swiss"]
[EventRounds "6"]
[EventCountry "GRE"]
[SourceTitle "EXT 2010"]
[Source "ChessBase"]
[SourceDate "2010.11.25"]
[SourceVersion "1"]
[SourceVersionDate "2010.11.25"]
[SourceQuality "1"]

1. d4 d6 2. Nf3 Nf6 3. e3 e6 4. c4 Bd7 5. Nc3 Be7 6. Bd3 0-0 7. 0-0 Re8 8. Re1 Nc6 9. Bd2 e5 10. dxe5 Nxe5 11. Nxe5 dxe5 12. h3 c5 13. Nd5 e4 14. Bc2 Bd6 15. Bc3 Re6 16. Bxf6 Qf8 17. Qg4 Rxf6 18. Nxf6+ Kh8 19. Nxd7 Qe8 20. Bxe4 Rd8 21. Qh4 g6 22. Nf6 Qe5 23. Qxh7# 1-0